| 000 | 00840nam a2200265 i 4500 | ||
|---|---|---|---|
| 001 | 7890 | ||
| 003 | ES-MaACL | ||
| 005 | 20230906145332.0 | ||
| 007 | t| | ||
| 008 | 910517s1989 sp ||||1| spa d | ||
| 020 | _a84-60073-9 | ||
| 080 | _a72.031.8 | ||
| 100 | 1 |
_aGendrop, Paul. _956295 |
|
| 245 | 1 | 0 |
_aArquitectura precolombina / _cPaul Gendrop, Doris Heyden. |
| 260 |
_aMadrid : _bAguilar/Asuri, _ccop. 1989. |
||
| 300 |
_a237 p., [28] p. de lam. : _bil. ; _c25 cm. |
||
| 490 | 1 | _aHistoria universal de la arquitectura | |
| 500 | _aIndice de nombres y lugares. | ||
| 504 | _aBibliogr.: p. 225-229. | ||
| 650 | 1 | 4 |
_aArquitectura precolombina. _910046 |
| 700 | 1 |
_aHeyden, Doris. _963523 |
|
| 830 | 0 |
_aHistoria universal de la arquitectura _9177982 |
|
| 852 |
_aES-MaACL _jL-15128 _bR.119474 _z. - cart. |
||
| 999 |
_c7890 _d7890 |
||